[Event "EU-Cup 13th Group3"]
[Site "Slough"]
[Date "1997.09.22"]
[Round "1"]
[White "Heim, Sverre"]
[Black "Zupe, Miran"]
[Result "1-0"]
[WhiteElo "2400"]
[BlackElo "2410"]
[Annotator "Ribli,Z"]
[PlyCount "171"]
[EventDate "1997.09.22"]
[EventType "team-k.o."]
[EventRounds "3"]
[EventCountry "ENG"]
[SourceTitle "EXT 2020"]
[Source "ChessBase"]
[SourceDate "2019.10.17"]
[SourceVersion "1"]
[SourceVersionDate "2019.10.17"]
[SourceQuality "1"]
[WhiteTeam "Oslo Schakselkap"]
[BlackTeam "Murska Sobota Radenska"]
[WhiteTeamCountry "NOR"]
[BlackTeamCountry "SLO"]

1. d4 c6 2. c4 (2. e4 d5 {Das ist die Grundstellung der Caro-Kann Verteidigung.
Ribli.}) 2... d6 {Meiner Meinung nach bietet diese gen�gsame Fortsetzung
Schwarz keinen Ausgleich. 2...d5 ist die Grundstellung der Slawischen
Verteidigung.} 3. Nc3 (3. e4) 3... Nf6 4. Nf3 (4. e4 $5) 4... Bg4 5. g3 (5. e4)
5... Nbd7 (5... Bxf3 $5 6. exf3 d5 $10 {Wei� besitzt das L�uferpaar, aber
Schwarz kann mit nachfolgendem ...e7-e6 eine bequeme Stellung ohne Schw�chen
aufbauen.}) 6. Bg2 e5 7. O-O Be7 8. h3 Bxf3 (8... Bh5 9. Nh4 Bg6 (9... O-O 10.
Nf5 Re8 (10... Bg6 11. Nxe7+ Qxe7 12. e4 Rfd8 13. Re1 Ne8 14. d5 Nc7 15. Be3 {
Degerman,L-Malmstig,E/SVE-ch 1997/1-0 (64)}) 11. Nxe7+ (11. d5 c5 12. g4 Nxg4
13. hxg4 Bxg4 14. Nxe7+ Qxe7 15. f3 Bh5 16. e4 {1-0 Maherramzade,J-Vescovi,G/
WchJM U20 1996 (38)}) 11... Qxe7 12. g4 Bg6 13. e4 h5 14. f3 Nf8 15. Be3 N6h7
16. Qd2 Qh4 17. Ne2 Ne6 18. Bf2 Qf6 19. d5 {Alvarez,J-Galego,L/Capablanca
Premier-B 1997/1-0 (60)}) 10. e4 (10. Be3 O-O 11. a3 Nb6 12. Nxg6 hxg6 13. Qb3
exd4 14. Bxd4 Nfd7 15. a4 c5 16. Be3 Ne5 17. Bf4 Rb8 18. Bxe5 dxe5 19. Rfd1 Qc8
20. a5 Nd7 $14 {0-1 Ibragimov,I-Cseshkovsky,V/St.Peterburg-Z 1993 (41)}) 10...
Qb6 11. d5 Nc5 12. Qe2 a5 13. Nf5 Bxf5 14. exf5 Nfd7 15. Be3 O-O 16. Rfd1 Rfc8
17. h4 Qb4 18. dxc6 bxc6 19. Bxc6 Rxc6 20. Nd5 {1-0 Garcia Ilundain,
D-Rodriguez Reinoso,V/Albacete op 1995}) 9. Bxf3 $14 {Wei� hat das
L�uferpaar und - wegen des Zentrumsvorteils - die etwas freiere Stellung.} (
9. exf3 exd4 10. Qxd4 Qb6 11. Qd2 O-O 12. b3 Nc5 13. Re1 Rfe8 14. Bb2 a5 15.
Ba3 $1 Bf8 (15... Rad8 16. Rad1 Bf8 17. Qc2 d5 $13) 16. Ne4 Nfxe4 17. fxe4 Rad8
18. Bb2 Qc7 19. Rad1 {1-0 Polgar,Z-Ljubojevic,L/Bilbao 1987/CBM 03 (45)}) 9...
O-O 10. Bg2 (10. d5 Qc7 11. b3 a5 12. Be3 Rfe8 13. Rc1 Bf8 14. Qc2 g6 15. g4
Nb6 16. Rfd1 cxd5 17. Bxb6 Qxb6 18. g5 e4 19. gxf6 exf3 20. Nxd5 Qd8 21. exf3
Re5 22. f4 Rh5 23. Rd3 {1-0 Delemarre,J-Moreira,J/WchJM U20 1997 (34)}) (10. b3
$14) 10... Re8 (10... Qb6 11. d5 c5 12. e4 Ne8 13. b3 Qd8 14. h4 Nc7 15. a4 Bf6
16. Be3 g6 17. h5 Bg5 18. f4 Bh6 19. Ra2 Qe7 20. Bf3 f5 21. hxg6 {1/2-1/2
Stohl,I-Ruck,R/ CRO-chT2 1995/EXT 97}) 11. d5 Rc8 (11... c5 {Es w�re logisch,
die Stellung gegen die wei�en L�ufer geschlossen zu halten, aber Schwarz
hat in diesem Fall eine sehr passive Stellung und Wei� kann sp�ter das
Spiel nach Vorbereitung mit f2-f4 �ffnen.}) 12. b3 a6 13. Bd2 cxd5 $2 {
Das ist nicht logisch. Schwarz �ffnet freiwillig die Stellung f�r Wei�
und gibt die Kontrolle �ber das Feld d5 auf.} (13... Qc7 $14) 14. Nxd5 Nxd5 (
14... b5 $2 15. Nxf6+ Nxf6 16. Bb7 $18) 15. Bxd5 $36 {Wei� hat das
L�uferpaar und sein d5-L�ufer ist besonders stark. Es ist schwer f�r
Schwarz, etwas Gegenspiel aufzuziehen.} Qc7 16. Rc1 {Wei� bringt den Turm
ins Spiel und vermeidet so auch 16...b5, was allerdings nicht so gef�hrlich
f�r Wei� w�re.} Nf6 17. Bg2 Qd7 18. Bg5 {Die positionelle Drohung ist
Bxf6 mit der Idee Qd2 und Rfd1 mit Druck in der Mitte.} e4 {Dieser Bauer wird
schwach, aber Schwarz wollte den g2-L�ufer aussperren.} (18... b5 19. Bxf6
Bxf6 20. Qd5 $36) 19. Qd2 (19. Bxf6 Bxf6 20. Qd5 $5) 19... h6 20. Bxf6 Bxf6 21.
e3 {Wei� legt die Bauernschw�che e4 fest.} Qc6 22. Rfd1 Be7 23. h4 Bf8 (
23... h5 {Es w�re logisch, eine Bauernstellung h5-g6-f5-e4 zu errichten,
aber Schwarz bleibt daf�r leider nicht gen�gend Zeit.} 24. Qd5 Qxd5 25.
Rxd5 $16) 24. Bh3 Rcd8 25. Qb2 (25. Qd5 Re5 26. Qxc6 bxc6 $10) (25. a4) 25...
b5 26. Bf1 (26. cxb5 $5 Qxb5 27. Rc7) 26... b4 27. Rd5 {Der wei�e Turm
beherrscht das Brett und zerschneidet die schwarze Stellung. Der
Verteidigungsplan h5-g6-f5 geht nicht.} Qb6 (27... g6 28. h5) 28. Rcd1 Rc8 29.
Bg2 Rc5 30. Qd4 Rxd5 (30... f5 $2 31. Rxf5 $16) 31. Qxd5 $5 (31. Qxb6 Rxd1+ 32.
Kh2 Rd2 $132) 31... Re5 32. Qa8 $16 g6 (32... f5 33. Rd5 $22 Kf7 (33... Rxd5
34. Qxd5+ $18) 34. c5 $16) 33. Bxe4 {Wei� hat einen Mehrbauern, aber die
Verwertung des Materialvorteils ist noch nicht leicht. Die ungleichfarbigen
L�ufer bieten Schwarz gewisse Remischancen.} Kg7 34. Bg2 a5 {Schwarz
befindet sich in passiver Stellung ohne Gegenspiel.} 35. Rd4 Qc7 36. Qf3 Be7
37. Qd1 h5 38. Bd5 Bf6 (38... Bd8 39. Rf4 Re7 $16) 39. Rf4 Qd7 40. Qf3 Rf5 {
Damit handelt sich Schwarz eine weitere Schw�che ein, bekommt aber etwas
mehr Freiheiten. Nach meiner Meinung mu� bei gutem Spiel Wei� gewinnen.} (
40... Qe7 41. Kg2 Qd8 $8 $16) 41. Rxf5 Qxf5 42. Qxf5 gxf5 {In Endspielen mit
ungleichfarbigen L�ufern gibt es eine gro�e Remisgefahr. In unserer
Stellung hat Schwarz aber nicht nur einen Bauern weniger,sondern auch noch
viele Bauernschw�chen.} 43. Bf3 Kg6 44. Bd1 Be5 45. Kf1 Bc3 46. Ke2 Kf6 47.
Kd3 {Der Man�verkampf beginnt. Wei� wird seine Tr�mpfe im richtigen
Moment ausspielen.} Be1 48. Ke2 Bc3 49. Bc2 Ke5 {Schwarz provoziert den Zug 50.
f4, wonach die wei�en Bauern am K�nigsfl�gel auf der Farbe des schwarzen
L�ufers stehen.} 50. Bd3 Bb2 (50... Kf6) 51. Kd1 Kf6 $8 (51... Bc3 52. Be2
$18) 52. e4 $1 {Wei� tauscht den schwachen schwarzen Bauenr auf f5, aber die
Stellung �ffnet sich f�r den wei�en K�nig. Dieser kann ins Zentrum
gelangen, weil der schwarze K�nig an den Ph5 gebunden ist.} fxe4 53. Bxe4 Bd4
54. Ke2 Bc5 55. f4 {Sonst kommt Wei� nicht voran. Die wei�e Strategie ist
einfach: Er hat die Bauernmehrheit am K�nigsfl�gel und bildet sich dort
einen Freibauern. Dies bindet den schwarzen K�nig am K�nigsfl�gel, so
da� Wei� f�r seinen K�nig freie Hand im Zentrum und am Damenfl�gel
bekommt.} Bd4 56. Kf3 Kg7 57. g4 {Wei� tauscht den zweiten schwachen
schwarzen Bauern, bekommt daf�r aber einen h-Freibauern.} hxg4+ 58. Kxg4 Bf6
59. h5 Kf8 $6 (59... Kh6 60. Bd5 Kg7 61. Kf5 {Droht 62.h6 mit Gewinn.} Bd8 62.
Bf3 Kh6 63. Ke4 $16) 60. h6 Ke7 61. h7 {Dieser Bauern bindet eine schwarze
Figur - L�ufer oder K�nig.} Kf8 62. Bf5 Kg7 63. Kf3 Bb2 64. Ke4 Bc1 {
Schwarz spielt eigentlich ohne K�nig.} 65. Kd5 $1 {Der f4-Bauer ist nicht
von gro�er Bedeutung. Wichtiger ist das Eindringen des wei�en K�nigs in
den Damenfl�gel.} Bxf4 66. Kc6 Bg3 (66... Bg5 {Mit der Idee nach 67.Kb6 Bd8
zu spielen und den Bauern a5 zu verteidigen.} 67. Kxd6 $18) 67. Kb5 Bf2 68.
Kxa5 Bc5 69. Ka4 (69. Bb1) 69... Kh8 70. Bb1 {Der einzige Gewinnplan f�r
Wei�. Die Drohung ist 71.a3 nebst 72.b4 zu ziehen. Daf�r mu�te die
M�glichkeit ...a3-a2 entsch�rft werden.} Kg7 71. a3 bxa3 72. b4 Bd4 73.
Kxa3 Kf8 {Schwarz befreit seinen K�nig und l��t den L�ufer die
Blockade des gef�hrlichen h7-Bauern �bernehmen.} (73... Kh8 74. Kb3 Kg7 75.
Bf5 Kh8 76. Kc2 $18) 74. Be4 Ke7 75. Bf5 Kd8 76. Kb3 Kc7 77. Kc2 d5 {Das ist
der letzte Versuch f�r Schwarz in auswegloser Stellung.} (77... Kb6 78. Kd3
Bb2 79. Ke4 Bc3 80. Kd5 Kc7 81. Bg4 Bb2 82. Bh5 f5 83. Ke6 $18) 78. Kd3 Be5 79.
cxd5 $18 Kd6 80. Kc4 {In Endspielen mit ungleichfarbigen L�ufern ist es
wichtig, weit voneinander entfernte Freibauern zu haben. Wei� besitzt jetzt
b- und h-Freibauern, was ihm den Gewinn garantiert.} Bg7 81. b5 Be5 (81... Kc7
82. Kc5 Bf8+ 83. d6+ Bxd6+ 84. Kd5 $18) 82. b6 Bg7 83. Kb5 Bd4 84. Ka6 (84. b7
Kc7 85. Ka6 Kb8 (85... Bh8 86. Ka7 Bd4+ 87. Ka8 $18) 86. d6 $18) 84... Be5 85.
b7 Kc7 86. Ka7 {Und Schwarz gab in hoffnungsloser Stellung auf. Ribli.} 1-0

[Event "FRA-ch"]
[Site "Meribel"]
[Date "1998.08.27"]
[Round "14"]
[White "Vaisser, Anatoli"]
[Black "Anic, Darko"]
[Result "0-1"]
[WhiteElo "2575"]
[BlackElo "2460"]
[Annotator "Ribli,Z"]
[PlyCount "84"]
[EventDate "1998.08.14"]
[EventType "tourn"]
[EventRounds "15"]
[EventCountry "FRA"]
[EventCategory "10"]
[SourceTitle "CBM 067"]
[Source "ChessBase"]
[SourceDate "1998.11.30"]
[SourceVersion "2"]
[SourceVersionDate "1998.11.01"]
[SourceQuality "1"]

{[%mdl 96]} 1. d4 Nf6 2. c4 c6 3. Nc3 d6 (3... d5 $5 {Das ist die
Grundstellung der Slawischen Verteidigung. Ribli.}) 4. g3 (4. e4 e5 5. Nf3 Nbd7
6. Be2 Be7 7. O-O O-O 8. Be3 $14) 4... Nbd7 5. Bg2 e5 6. e3 Be7 7. Nge2 O-O 8.
h3 $6 {Weiß rochiert (noch) nicht, sondern bereitet einen direkten Angriff mit
g4 vor. Meines Erachtens sollte er sich besser mir dem kleinen Zentrumsvorteil
zufrieden geben und rochieren.} (8. O-O Re8 9. b3 Bf8 10. Qc2 g6 (10... Qc7 11.
h3 Rb8 12. a4 a5 13. Ra2 Ra8 14. Qb1 Nb8 15. e4 exd4 16. Nxd4 Na6 17. Be3 Nc5
18. Re1 g6 19. f4 Bg7 20. Bf2 Nh5 21. Kh2 Bd7 22. Rae2 Qb6 23. Rb2 Qb4 24. Na2
Qb6 25. Nc3 $13 {1-0 Spiess,G-Espig,L/BL2-O 9697 (60)}) 11. Bb2 Bg7 12. Rad1
Qe7 13. e4 Nh5 14. Bc1 Nf8 15. Ba3 Qc7 16. d5 c5 17. b4 b6 18. bxc5 bxc5 19.
Nb5 Qe7 20. Qa4 $14 {1-0 Dizdarevic,E-Trkulja,G/Cazin 1996 (28)}) 8... Re8 9.
g4 {[#]} exd4 $5 (9... h6 10. O-O Nf8 11. f4 exd4 (11... Ng6) 12. exd4 h5 13.
g5 N6h7 14. Qd3 g6 15. Be4 f5 16. Bf3 Bd7 17. d5 c5 18. h4 a6 19. a4 Qc7 20. b3
Reb8 21. Bb2 {1-0 Vaisser,A-Dunnington,A/Capelle 1994 (21)}) 10. exd4 (10. Nxd4
Ne5 11. b3 d5 $15) 10... Nf8 $1 $13 11. Be3 (11. Qb3 Qb6 12. Qxb6 axb6 $15)
11... Ng6 {[%cal Gg6h4]} 12. Rg1 (12. g5 Nh4 13. O-O Nd7 $15 {[%csl Rg5]})
12... Nh4 13. Bh1 d5 14. cxd5 (14. g5 Ne4 15. cxd5 cxd5 $15) 14... Nxd5 15.
Nxd5 cxd5 16. Qd2 (16. Qb3 Be6 17. Nf4 (17. Qxb7 Rb8) 17... Bf6 18. O-O-O $5)
16... Qb6 17. O-O-O Bb4 18. Nc3 (18. Qc2 Be6) 18... Bxc3 19. bxc3 (19. Qxc3 Be6
20. Kb1 Rac8 $15) 19... Qb5 (19... Qa5 $5) 20. Qb2 Qa5 21. Rd2 (21. Rge1 Be6
$15) 21... Be6 22. Qb4 Qd8 (22... Qxb4 23. cxb4 Rac8+ 24. Kb2 $11) 23. c4 $6 {
Es wäre meines Erachtens besser, die Stellung geschlossen zu halten.} Rc8 24.
Rc2 (24. c5 b6 {[%csl Rc1]}) 24... dxc4 25. d5 {Weiß strebt nach
Komplikationen.} Bd7 (25... Bxd5 $2 26. Rd1 Bxh1 (26... Re5 27. Rcd2) 27. Rxd8
Rcxd8 28. Bg5) 26. Rxc4 a5 27. Qc3 (27. Qb3 b5 $40) 27... Qf6 (27... b5 28.
Rxc8 Qxc8 29. Qxc8 Rxc8+ 30. Kb2 $14) 28. Kd2 (28. Qxf6 $2 Rxc4+ $19) 28...
Nf3+ 29. Bxf3 Qxf3 30. Rxc8 Rxc8 31. Qxa5 b5 {[%csl Gc8,Rd2,Rd5,Gf3][%cal
Rf3d5]} 32. Rc1 Qxd5+ (32... Rxc1 33. Kxc1 Qxd5 34. Qd8+) 33. Ke2 Bc6 $17 {
Ein typisches Beispiel. Während im Endspiel die ungleichfarbigen Läufer die
Remisbreite erhöhen, sind sie im Mittelspiel hilfreich für den Angreifer.} 34.
Rc5 Qf3+ 35. Kd2 (35. Ke1 h6 $1 $17 (35... Qh1+ 36. Ke2 (36. Kd2) 36... Qxh3
37. Rxc6 Qxg4+ 38. Ke1 Qg1+ 39. Kd2 Rxc6 40. Qd8#)) 35... h6 36. Qa6 Rd8+ 37.
Kc3 (37. Kc2 Be4+ 38. Kb2 Qe2+ {[%csl Rb2]}) 37... Qf6+ 38. Kb3 (38. Kc2 Be4+)
38... Rd3+ $1 (38... Bd5+ 39. Rxd5 Qxa6 40. Rxd8+ Kh7 41. Rd4 $17 {Schwarz hat
auch hier Gewinnchancen, aber die Partiefortsetzung ist viel besser.}) 39. Kc2
{[#]} Rc3+ $1 (39... Rxe3 40. Qxc6 Qxf2+ 41. Kb1 Re1+ 42. Rc1) 40. Kd2 Rxe3 $1
41. Qc8+ (41. fxe3 Qd6+ $19) (41. Kxe3 Qe7+ 42. Kd4 Qd6+ $19) 41... Re8 42.
Qxc6 Qd4+ {Und Weiß muß aufgeben. Er wird matt.} (42... Qd4+ 43. Kc1 (43. Kc2
Re2+ $19) 43... Re1+ 44. Kc2 Re2+ $19) 0-1

[Event "URS-ch U26"]
[Site "Minsk"]
[Date "1990.??.??"]
[Round "?"]
[White "Neverov, Valeriy"]
[Black "Orlov, Georgi"]
[Result "1-0"]
[WhiteElo "2505"]
[BlackElo "2505"]
[Annotator "Ribli,Z"]
[PlyCount "159"]
[EventDate "1990.01.??"]
[EventType "tourn"]
[EventRounds "13"]
[EventCountry "URS"]
[EventCategory "10"]
[SourceTitle "CBM 017"]
[Source "ChessBase"]
[SourceDate "1990.08.01"]
[SourceVersion "1"]
[SourceVersionDate "1990.08.01"]
[SourceQuality "1"]

1. d4 d6 2. Nf3 Bg4 3. c4 c6 4. Nc3 Nf6 5. e4 e6 6. Be2 Be7 7. O-O (7. d5 $5 {
Lalic,B-Ivanovic,B/ YUG-ch 1989}) 7... O-O 8. h3 (8. Be3 Nbd7 9. d5 $5 cxd5 10.
exd5 Bxf3 11. Bxf3 e5 12. b4 b6 {Ftacnik-Torre/ Lugano 1989}) 8... Bh5 9. Be3
d5 (9... Nbd7 $5) 10. e5 Nfd7 11. Nd2 Bxe2 12. Nxe2 (12. Qxe2) 12... dxc4 13.
Nxc4 b5 14. Nd2 Na6 15. Nf4 Nb4 16. Qg4 $5 Nc2 (16... Nd5 $2 17. Nxd5 cxd5 18.
Bh6 $16) 17. Rad1 Kh8 18. Nf3 $2 (18. Ne4 $1 Nxe3 19. fxe3 Nb6 20. Nh5 g6 21.
Nhf6 $16) 18... Nxe3 19. fxe3 Nb6 20. Nh5 g6 21. Ng3 Nd5 22. Rde1 h5 23. Qe4 c5
24. a3 Rc8 25. Qd3 b4 26. axb4 Nxb4 27. Qd2 Kg7 28. Ne4 cxd4 29. exd4 Rc2 30.
Qe3 Rxb2 31. Nfg5 Qd5 32. Qg3 Nc2 33. Re2 Rb3 34. Qf4 Nxd4 35. Rd2 Bxg5 36.
Nxg5 Rd3 37. Qf6+ Kh6 38. Nxf7+ Rxf7 39. Qxf7 Nf5 40. Qf8+ Kh7 41. Rxd3 Qxd3
42. Qc5 a6 43. Rf3 Qe4 44. Qc3 h4 45. Qc8 Kh6 46. Qc1+ Kh7 47. Qf4 Qe2 48. Rf2
Qb5 49. Rc2 Qb6+ 50. Kh2 a5 51. Rc8 Qa7 52. Qg5 Qg7 53. Qf6 Qxf6 54. exf6 Nh6
55. Rc7+ Kg8 56. Rg7+ Kf8 57. Rxg6 Nf5 58. Rg4 Kf7 59. Ra4 Kxf6 60. Rxa5 e5 61.
Ra6+ Kg5 62. Ra4 Nd4 63. Kg1 Kf5 64. Kf2 Kf4 65. Rb4 Ke4 66. Rc4 Kd5 67. Ra4
Ke4 68. Ra6 Nf5 69. Rg6 Kd3 70. Rg5 Ke4 71. Ke1 Nd4 72. Kf1 Nf5 73. Kf2 Nh6 74.
Ke2 Nf5 75. Rg4+ Kd5 76. Kd3 Ke6 77. Rg8 Ne7 78. Re8 Kd7 79. Ra8 Nf5 80. Ke4
1-0

[Event "Cutro 05th"]
[Site "Cutro"]
[Date "1999.04.25"]
[Round "3"]
[White "Djuric, Stefan"]
[Black "Romanishin, Oleg M"]
[Result "1-0"]
[WhiteElo "2517"]
[BlackElo "2572"]
[Annotator "Ribli,Z"]
[PlyCount "87"]
[EventDate "1999.04.??"]
[EventType "tourn"]
[EventRounds "11"]
[EventCountry "ITA"]
[EventCategory "10"]
[SourceTitle "CBM 071"]
[Source "ChessBase"]
[SourceDate "1999.08.01"]
[SourceVersion "1"]
[SourceVersionDate "1999.08.01"]
[SourceQuality "1"]

{[%mdl 80]} 1. d4 Nf6 2. c4 d6 {Der ukrainische Großmeister, der normalerweise
die Damenindische Verteidigung spielt, strebt die Alt-Indische Verteidigung an.
Ribli.} 3. g3 {An dieser Stelle ein seltener Zug.} e5 4. Bg2 (4. Nf3 e4 (4...
Nbd7) 5. Nh4 d5 6. cxd5 Nxd5 7. Nc3 Be7 8. Nxe4 Bxh4 9. gxh4 Qxh4 10. Nc3 Nxc3
11. bxc3 O-O 12. Qd3 c5 13. Qg3 Qxg3 14. hxg3 {1/2-1/2 Gulko,B-Shirazi,K/New
York 1991/CBM 23 (69)}) 4... exd4 5. Qxd4 Nc6 6. Qe3+ {Mit diesem Zug verliert
Weiß ein Tempo, aber auch 6.Qd2 hat seine Probleme.} (6. Qd1 Be6 7. b3 Be7 8.
Bb2 O-O 9. Nf3 d5 10. O-O dxc4 11. Ng5 Qxd1 12. Rxd1 cxb3 13. Nxe6 fxe6 14.
axb3 Ng4 {0-1 Mohd Fadrus,Z-Haque,R/Kuala Lumpur 1992/CBM 31 ext (38)}) (6. Qd2
{Die Dame steht auf den ersten Blick unglücklich auf d2. Weiß plant im
folgenden b3, Bb2, Nc3 zu spielen. Das Problem ist die schnelle schwarze
Figurenentwicklung, die ...d6-d5 ermöglicht.} Be6 7. b3 d5 $36) 6... Be7 {
Das ist ein natürlicher Zug, aber in dieser Variante ist die Entwicklung des
Läufers nach g7 üblicher und meines Erachtens auch besser.} (6... Be6 $5) 7.
Nc3 O-O (7... Be6 8. Nd5 O-O $11) 8. Qd2 {Weiß hat ein paar Tempi verloren,
aber das ist nicht so wichtig, solange Schwarz nicht ...d6-d5 ziehen kann.} Bf5
(8... Be6 9. b3 $14) 9. e4 Be6 10. b3 a5 $5 {Ein typischer Plan in solchen
Stellungen. Schwarz möchte 11...a4 spielen und sich die Herrschaft über die
a-Linie sichern.} 11. Nge2 {[%csl Yd5][%cal Ge2f4,Gf4d5] Das Feld d5 ist eine
dauerhafte Schwäche im Lager des Schwarzen. Ansonsten ist seine Stellung fest.}
a4 12. Rb1 (12. Nxa4 Bxc4 $11) 12... axb3 13. axb3 Ne5 14. h3 {Weiß läßt den
Trickzug ...Bh3 (nach 14.f4 oder 14.0-0) nicht zu und nimmt den schwarzen
Figuren zudem das Feld g4.} (14. O-O Bh3 $5 {So kann Schwarz die weißfeldrigen
Läfer tauschen.} (14... Re8) 15. Bb2 (15. f4 Bxg2 16. Kxg2 $11 (16. fxe5 $2
Nxe4 $19)) (15. Bxh3 $2 Nf3+ $19 {[%cal Rf3d2,Rf3g1]}) 15... Bxg2 16. Kxg2 $11)
(14. f4 Bh3 15. O-O $11 (15. fxe5 Bxg2 16. exf6 Bxh1 17. fxe7 Qxe7 $15 {
Weiß hat zwei Leichtfiguren gegen Turm und Bauer, aber der Bauer e4 ist
schwach und der weiße König steht unsicher.})) 14... c5 15. f4 (15. O-O) 15...
Nc6 16. O-O $14 {[%csl Yd4,Yd5] Weiß hat Raumvorteil und ist sehr harmonisch
entwickelt.} Re8 (16... Qa5) 17. Bb2 Bf8 $6 (17... Qa5 $5 18. Rfd1 $14 (18. Ra1
Qb4 {[%csl Gb4]})) 18. Nb5 {[%csl Gb2,Gb5,Rd6]} Na7 {Es ist verständlich, daß
Schwarz den starken Springer b5 tauschen möchte.} 19. Bxf6 gxf6 (19... Qxf6 20.
Nc7 $16 {[%cal Rc7e8,Rc7a8]}) 20. Nxa7 (20. Nec3 Nxb5 21. Nxb5 f5 22. exf5 Bxf5
$14) 20... Rxa7 21. g4 $1 {Weiß läßt ...f6-f5 nicht zu. Die schwarze
Königsstellung bleibt daher schwach und der Läufer f8 hat keine Zukunft.} Qa5
22. Qd3 (22. Qxa5 Rxa5 23. Nc3 Rea8 $11) 22... Qb4 (22... Bd7 $5 {[%cal Gd7c6]
Der schwarze Laufer strebt nach c6, um die Felder b5 und d5 zu kontrollieren.
Weiß kann dann allerdings eventuell Ng3 mit der Idee Nf5 oder Nh5 ziehen.}) 23.
Nc3 {[%cal Gc3b5,Gb5d6,Gb5a7]} Ra3 24. Nb5 Ra5 25. f5 $1 {Die schwarzen Felder
im Lager des Weißen scheinen schwach zu werden, aber der schwarzfeldrige
Läufer des Nachziehenden kann das nicht ausnutzen und Weiß schafft bereits
sehr konkrete Drohungen.} Bd7 26. Nc7 {[%cal Rc7d5,Rd5b4,Rc7e8]} Re5 27. Nd5 {
[%cal Rd5f6,Rd5b4,Rf6g8,Rf6d7]} Rxd5 $8 28. exd5 {Weiß hat eine Qualität mehr
und der schwarze Läufer steht passiv. Mit schwarzem Läufer auf e5 wäre die
Stellung für Schwarz ganz gut.} Ra3 (28... Bh6 29. Rfe1 {[%cal Ge1e7,Ge7d7]})
29. Qg3 b5 {Schwarz versucht es mit Gegenspiel am Damenflügel, aber Weiß ist
schneller.} (29... h6 $5) 30. g5 $1 bxc4 (30... fxg5 $2 31. Qxg5+ Kh8 32. Qf6+
Kg8 33. Rf3 $18 {[%csl Rg8][%cal Rf3g3,Rg3g8]}) 31. gxf6+ Kh8 32. Rf3 {[%cal
Gg3a3]} Rxb3 (32... c3 $5 33. Rxc3 Qd4+ 34. Kh2 Qxf6 35. Re1 Ra2 {Schwarz
entfaltet etwas Aktivität und seine Läufer halten die wichtigsten
Einbruchsfelder.}) 33. Rbxb3 cxb3 34. Rxb3 Qd4+ {[%cal Rd4f6,Rd4g1]} 35. Kh2
Qxf6 {Für Schwarz scheint alles in Ordnung zu sein. Er hat bereits einen
Bauern für die Qualität, aber seine Grundreihe ist schwach und Weiß hat daher
gute taktische Möglichkeiten.} 36. Rb8 Qh6 (36... Qe7 37. f6 $18) 37. f6 $1 {
[%cal Rg3d6,Gb8h8] Schwarz kann d6 nicht mehr verteidigen.} Bf5 38. Qxd6 $18
Kg8 39. Qg3+ (39. Qxc5 $4 Qf4+ $19 {[%cal Rf4b8,Rf4h2]}) 39... Bg6 40. Qe5 (40.
d6 Qd2 41. Qe5 {Es droht 42.Rxf8+ Kxf8 43.Qe7+ nebst Qe8#.} h6 42. d7 (42. Qe7
Qf4+ 43. Kg1 Qc1+ 44. Bf1 Qg5+ 45. Kh1 $18) 42... Qxd7 43. Qe7 $18) 40... c4
41. d6 {Der weiße d-Bauer entscheidet die Partie.} c3 42. d7 c2 43. d8=Q c1=Q
44. Qxf8+ {Schwarz gab auf. Er wird in wenigen Zügen mattgesetzt.} (44. Qxf8+
Qxf8 45. Rxf8+ Kxf8 46. Qb8+ $18) 1-0

[Event "Buenos Aires Najdorf"]
[Site "Buenos Aires"]
[Date "1991.??.??"]
[Round "10"]
[White "Boissonet, Carlos P"]
[Black "Cifuentes Parada, Roberto"]
[Result "1/2-1/2"]
[WhiteElo "2400"]
[BlackElo "2510"]
[Annotator "Ribli,Z"]
[PlyCount "113"]
[EventDate "1991.04.??"]
[EventType "tourn"]
[EventRounds "13"]
[EventCountry "ARG"]
[EventCategory "11"]
[SourceTitle "CBM 024"]
[Source "ChessBase"]
[SourceDate "1991.10.01"]
[SourceVersion "1"]
[SourceVersionDate "1991.10.01"]
[SourceQuality "1"]

1. d4 Nf6 2. c4 d6 3. Nc3 e5 4. dxe5 dxe5 5. Qxd8+ Kxd8 6. Nf3 Nfd7 (6... Nbd7
7. Rg1 (7. Bg5 h6 $2 8. Bxf6+ gxf6 9. g3 c6 10. Bh3 $14 {Farago-Ljubojevic
Wijk aan Zee 1988 45/71}) 7... h6 8. g4 e4 9. g5 exf3 10. gxf6 Nxf6 11. exf3
Be6 12. Be3 b6 13. O-O-O+ Kc8 14. Ne4 $14 {Bareev,E-Larsen,B Hastings 1990 CBM/
22}) 7. b3 f6 8. Bb2 c6 9. O-O-O Kc7 10. Ne4 a5 11. e3 Na6 12. Nfd2 Ndc5 13.
Nxc5 Nxc5 14. Bc3 Bf5 15. f3 Ne6 16. Kb2 Bc5 17. Re1 Rhd8 18. a3 Bf8 19. Be2
Nc5 20. e4 Bg6 21. Rd1 Ne6 22. Nb1 Nf4 23. Rxd8 Rxd8 24. Bf1 b6 25. Bd2 Bc5 26.
Bxf4 exf4 27. Be2 Bf7 28. Rd1 Rxd1 29. Bxd1 a4 30. Kc3 axb3 31. Bxb3 Kd6 32.
Kd3 Ke5 33. a4 Bb4 34. Nc3 Bxc3 35. Kxc3 c5 36. Bc2 g5 37. Bb3 Be6 38. Bd1 g4
39. fxg4 Kxe4 40. Bc2+ Ke3 41. Bxh7 Bxg4 42. Bg6 Kf2 43. Be4 Bd7 44. Kb3 Be8
45. Bf3 Bf7 46. h4 Kg3 47. h5 Bxh5 48. Bxh5 Kxg2 49. a5 bxa5 50. Ka4 f3 51.
Kxa5 f2 52. Be2 f5 53. Kb5 f4 54. Kxc5 f3 55. Bd3 f1=Q 56. Bxf1+ Kxf1 57. Kb6
1/2-1/2